Mtalaa wa isimu : (Record no. 1121)

000 -LEADER
fixed length control field 01106cam a2200313 a 4500
001 - CONTROL NUMBER
control field 11834152
003 - CONTROL NUMBER IDENTIFIER
control field OSt
005 - DATE AND TIME OF LATEST TRANSACTION
control field 20140116120846.0
008 - FIXED-LENGTH DATA ELEMENTS--GENERAL INFORMATION
fixed length control field 990816s1999 ke a b 001 0 swa
010 ## - LIBRARY OF CONGRESS CONTROL NUMBER
LC control number 99890335
020 ## - INTERNATIONAL STANDARD BOOK NUMBER
International Standard Book Number 9966497498
035 ## - SYSTEM CONTROL NUMBER
System control number (DLC) 99890335
040 ## - CATALOGING SOURCE
Original cataloging agency DLC
Transcribing agency DLC
042 ## - AUTHENTICATION CODE
Authentication code lcode
050 00 - LIBRARY OF CONGRESS CALL NUMBER
Classification number PL8702 .M46 1999
100 1# - MAIN ENTRY--PERSONAL NAME
Personal name Mgullu, Richard S.
Fuller form of name (Richard Songelaeli)
245 10 - TITLE STATEMENT
Title Mtalaa wa isimu :
Remainder of title fonetiki, fonolojia na mofolojia ya Kiswahili /
Statement of responsibility, etc Richard S. Mgullu.
260 ## - PUBLICATION, DISTRIBUTION, ETC. (IMPRINT)
Place of publication, distribution, etc Nairobi :
Name of publisher, distributor, etc Longhorn Publishers,
Date of publication, distribution, etc c1999.
300 ## - PHYSICAL DESCRIPTION
Extent xii, 246 p. :
Other physical details ill. ;
Dimensions 21 cm.
504 ## - BIBLIOGRAPHY, ETC. NOTE
Bibliography, etc Includes bibliographical references (p. [235]-239) and indexes.
520 ## - SUMMARY, ETC.
Summary, etc Study of phonetics, phonology and morphology of Swahili.
546 ## - LANGUAGE NOTE
Language note In Swahili.
650 #0 - SUBJECT ADDED ENTRY--TOPICAL TERM
Topical term or geographic name as entry element Swahili language
General subdivision Phonetics.
650 #0 - SUBJECT ADDED ENTRY--TOPICAL TERM
Topical term or geographic name as entry element Swahili language
General subdivision Phonology.
650 #0 - SUBJECT ADDED ENTRY--TOPICAL TERM
Topical term or geographic name as entry element Swahili language
General subdivision Morphology.
906 ## - LOCAL DATA ELEMENT F, LDF (RLIN)
a 7
b cbc
c origode
d 3
e ncip
f 19
g y-gencatlg
942 ## - ADDED ENTRY ELEMENTS (KOHA)
Source of classification or shelving scheme
Koha item type Book
Holdings
Withdrawn status Lost status Source of classification or shelving scheme Damaged status Not for loan Home library Current library Date acquired Total Checkouts Total Renewals Full call number Barcode Checked out Date last seen Date checked out Copy number Price effective from Koha item type
          Riara University Library Riara University Library 20/03/2013 20 4 PL8702 .M485 1999 3765/12 20/04/2016 04/04/2016 04/04/2016 C.1 20/03/2013 Book
          Riara University Library Riara University Library 20/03/2013 18 3 PL8702 .M485 1999 3766/12 10/07/2015 24/06/2015 24/06/2015 C.2 20/03/2013 Book
          Riara University Library Riara University Library 20/03/2013 20 3 PL8702 .M485 1999 3764/12 08/04/2016 23/03/2016 23/03/2016 C.3 20/03/2013 Book

Riara University Library,
P.O. Box 49940-00100,
Nairobi, Kenya.